000 01007nam0a22002531 4500
001 rc\2805127
005 20250806210606.0
035 _a(NLR Aleph) 006931078
090 _a17444
_c17444
100 _a20110915d1945 u y0rusy50 ca
101 0 _arus
102 _aRU
105 _ay z |||||
200 1 _aКонституция (основной закон) Союза Советских Социалистических Республик
_eС изм. и доп., принятыми на I, II, III, VI, VII и VIII сессиях Верховного Совета СССР
210 _aИркутск
_cИркут. обл. изд-во
_d1945
_g1-я гос. типолит.
215 _a28 с.
_d19 см.
740 1 _aСССР
_tКонституция
_f1936
_3RU\NLR\AUTH\8810166668
801 0 _aRU
_bNLR
_gpsbo
801 1 _aRU
_bELAR
_2rusmarc
852 _aNLR
_jП20 Г-4/80
942 _cBOOK
945 _aРоссийская национальная библиотека
980 _aNB
980 _aBV